Entre féerie et libertinage: le monde étrange dans Angola de La Morlière
Na minha lista:
| Autor principal: | |
|---|---|
| Formato: | Capítulo de Livro |
| Idioma: | francês |
| Assuntos: | |
| Tags: |
Sem tags, seja o primeiro a adicionar uma tag!
|
MARC
| LEADER | 00000naa a2200000 4500 | ||
|---|---|---|---|
| 001 | 0247927 | ||
| 005 | 20250414142826.7 | ||
| 041 | 0 | |a fre | |
| 044 | |a CZ | ||
| 245 | 1 | 0 | |a Entre féerie et libertinage: le monde étrange dans Angola de La Morlière |c Andrea Tureková |
| 610 | 2 | 0 | |a literatúra |
| 610 | 2 | 0 | |a jazyky cudzie |
| 610 | 2 | 0 | |a francúzština |
| 100 | 1 | |a Tureková, Andrea, 1979- | |